书目信息 |
| 题名: |
孟森讲清史
|
|
| 作者: | 孟森 著 | |
| 分册: | ||
| 出版信息: | 北京 东方出版社 2007.04 |
|
| 页数: | 483页, [12] 页图版 | |
| 开本: | 24cm | |
| 丛书名: | 方家讲坛 | |
| 单 册: | ||
| 中图分类: | K249 | |
| 科图分类: | ||
| 主题词: | 古代史--gu dai shi--中国--清代 | |
| 电子资源: | ||
| ISBN: | 978-7-5060-2758-8 | |
| 000 | 00800nam 2200241 450 | |
| 001 | 012007614672 | |
| 005 | 20071009091926.25 | |
| 010 | @a978-7-5060-2758-8@dCNY58.00 | |
| 100 | @a20070801d2007 km y0chiy0120 ea | |
| 101 | 0 | @achi |
| 102 | @aCN@b110000 | |
| 105 | @aacfhz 000yy | |
| 200 | 1 | @a孟森讲清史@Ameng sen jiang qing shi@f孟森著@Fmeng sen zhu |
| 210 | @a北京@c东方出版社@d2007.04 | |
| 215 | @a483页, [12] 页图版@c图, 肖像, 摹真@d24cm | |
| 225 | 2 | @a方家讲坛@Afang jia jiang tan |
| 330 | @a本书选用孟森在北京大学教书采用的讲案《清史讲义》,分为上下两编,全书对清朝二百多年之政治、经济、文化进行了全面述评。 | |
| 410 | 0 | @12001 @a方家讲坛 |
| 606 | 0 | @a古代史@Agu dai shi@y中国@z清代 |
| 690 | @aK249@v4 | |
| 701 | 0 | @a孟森@Ameng sen@4著 |
| 801 | 0 | @aCN@c20071009 |
| 905 | @dK249@eM610 | |
| 孟森讲清史/孟森著.-北京:东方出版社,2007.04 |
| 483页, [12] 页图版:图, 肖像, 摹真;24cm.-(方家讲坛) |
| ISBN 978-7-5060-2758-8:CNY58.00 |
| 本书选用孟森在北京大学教书采用的讲案《清史讲义》,分为上下两编,全书对清朝二百多年之政治、经济、文化进行了全面述评。 |
| ● |
| 相关链接 |
|
|
|
正题名:孟森讲清史
索取号:K249/M610
 
预约/预借
| 序号 | 登录号 | 条形码 | 馆藏地/架位号 | 状态 | 备注 |
| 1 | 251709 | 202517099 | 社科库309/309社科库 34排6列5层/ [索取号:K249/M610] | 在馆 | |
| 2 | 251710 | 202517106 | 社科库309/309社科库 34排6列5层/ [索取号:K249/M610] | 在馆 |